[Event "Stay Safe Play From Home 257"]
[Site "Emanuel Lasker Arena"]
[Date "2020.06.26"]
[Round "5"]
[White "Souchov"]
[Black "Edmatuag"]
[Result "1-0"]
[WhiteElo "1911"]
[BlackElo "1614"]
[Annotator "NA"]
[PlyCount "121"]
[EventDate "2020.06.26"]
[EventType "swiss (blitz)"]

1. e4 {[%emt 0:00:02]} c6 {[%emt 0:00:02]} 2. d4 {[%emt 0:00:01]} d6 {[%emt 0:00:01]} 3. Nc3 {[%emt 0:00:01]} Nf6 {[%emt 0:00:02]} 4. Bd3 {[%emt 0:00:01]} e5 {[%emt 0:00:01]} 5. Nf3 {[%emt 0:00:01]} Qc7 {[%emt 0:00:01]} 6. Bg5 {[%emt 0:00:02]} Be7 {[%emt 0:00:00]} 7. O-O {[%emt 0:00:02]} Bg4 {[%emt 0:00:00]} 8. dxe5 {[%emt 0:00:03]} dxe5 {[%emt 0:00:01]} 9. h3 {[%emt 0:00:00]} Bxf3 {[%emt 0:00:01]} 10. Qxf3 {[%emt 0:00:01]} Nbd7 {[%emt 0:00:01]} 11. Qg3 {[%emt 0:00:01]} Nc5 {[%emt 0:00:02]} 12. a3 {[%emt 0:00:03]} Ne6 {[%emt 0:00:01]} 13. b4 {[%emt 0:00:02]} Nxg5 {[%emt 0:00:01]} 14. Qxg5 {[%emt 0:00:01]} O-O {[%emt 0:00:01]} 15. Qg3 {[%emt 0:00:03]} Rad8 {[%emt 0:00:03]} 16. Nd1 {[%emt 0:00:01]} Nh5 {[%emt 0:00:02]} 17. Qg4 {[%emt 0:00:02]} Nf4 {[%emt 0:00:00]} 18. Ne3 {[%emt 0:00:01]} Nxd3 {[%emt 0:00:01]} 19. cxd3 {[%emt 0:00:00]} Rxd3 {[%emt 0:00:01]} 20. Nf5 {[%emt 0:00:01]} Bf6 {[%emt 0:00:01]} 21. Rad1 {[%emt 0:00:02]} Rfd8 {[%emt 0:00:01]} 22. Rxd3 {[%emt 0:00:03]} Rxd3 {[%emt 0:00:00]} 23. Rd1 {[%emt 0:00:01]} Qd8 {[%emt 0:00:00]} 24. Rxd3 {[%emt 0:00:02]} Qxd3 {[%emt 0:00:01]} 25. Nh6+ {[%emt 0:00:01]} Kf8 {[%emt 0:00:06]} 26. Qc8+ {[%emt 0:00:01]} Qd8 {[%emt 0:00:02]} 27. Qxd8+ {[%emt 0:00:01]} Bxd8 {[%emt 0:00:02]} 28. Ng4 {[%emt 0:00:00]} Bc7 {[%emt 0:00:01]} 29. Kf1 {[%emt 0:00:00]} Ke7 {[%emt 0:00:01]} 30. Ke2 {[%emt 0:00:00]} f6 {[%emt 0:00:00]} 31. Kd3 {[%emt 0:00:01]} h5 {[%emt 0:00:00]} 32. Ne3 {[%emt 0:00:01]} g6 {[%emt 0:00:01]} 33. g4 {[%emt 0:00:01]} hxg4 {[%emt 0:00:02]} 34. hxg4 {[%emt 0:00:00]} Ke6 {[%emt 0:00:01]} 35. a4 {[%emt 0:00:04]} Bb6 {[%emt 0:00:02]} 36. Nc4 {[%emt 0:00:03]} Bd4 {[%emt 0:00:01]} 37. a5 {[%emt 0:00:01]} b6 {[%emt 0:00:01]} 38. axb6 {[%emt 0:00:02]} axb6 {[%emt 0:00:00]} 39. f3 {[%emt 0:00:00]} c5 {[%emt 0:00:00]} 40. Nd2 {[%emt 0:00:00]} cxb4 {[%emt 0:00:01]} 41. Kc4 {[%emt 0:00:01]} b5+ {[%emt 0:00:00]} 42. Kxb4 {[%emt 0:00:01]} Be3 {[%emt 0:00:02]} 43. Nb1 {[%emt 0:00:02]} Bf4 {[%emt 0:00:00]} 44. Kxb5 {[%emt 0:00:00]} Bd2 {[%emt 0:00:01]} 45. Kc4 {[%emt 0:00:01]} Be3 {[%emt 0:00:01]} 46. Kd3 {[%emt 0:00:00]} Bc5 {[%emt 0:00:01]} 47. Nc3 {[%emt 0:00:00]} Kd6 {[%emt 0:00:01]} 48. Ne2 {[%emt 0:00:00]} Ba3 {[%emt 0:00:01]} 49. f4 {[%emt 0:00:00]} Ke6 {[%emt 0:00:01]} 50. fxe5 {[%emt 0:00:00]} fxe5 {[%emt 0:00:01]} 51. Ng3 {[%emt 0:00:00]} Bd6 {[%emt 0:00:01]} 52. Ke3 {[%emt 0:00:00]} Be7 {[%emt 0:00:01]} 53. Kf3 {[%emt 0:00:00]} Bg5 {[%emt 0:00:01]} 54. Ne2 {[%emt 0:00:00]} Bh6 {[%emt 0:00:02]} 55. Nc3 {[%emt 0:00:00]} Bd2 {[%emt 0:00:01]} 56. Nb5 {[%emt 0:00:00]} Bb4 {[%emt 0:00:01]} 57. Nc7+ {[%emt 0:00:00]} Kf6 {[%emt 0:00:01]} 58. Na6 {[%emt 0:00:00]} Bd6 {[%emt 0:00:01]} 59. Nc7 {[%emt 0:00:00]} Bxc7 {[%emt 0:00:01]} 60. Kg3 {[%emt 0:00:00]} Ba5 {[%emt 0:00:00]} 61. Kf3 {[%emt 0:00:00] Time (Lag: Av=0.47s, max=0.9s)} 1-0

[Event "Stay Safe Play From Home 257"]
[Site "Emanuel Lasker Arena"]
[Date "2020.06.26"]
[Round "5"]
[White "Fischer_11"]
[Black "Lazieri3"]
[Result "0-1"]
[WhiteElo "1906"]
[BlackElo "2061"]
[Annotator "NA"]
[PlyCount "98"]
[EventDate "2020.06.26"]
[EventType "swiss (blitz)"]

1. e4 {[%emt 0:00:02]} c6 {[%emt 0:00:00]} 2. d4 {[%emt 0:00:01]} d5 {[%emt 0:00:00]} 3. exd5 {[%emt 0:00:00]} cxd5 {[%emt 0:00:00]} 4. c4 {[%emt 0:00:00]} Nc6 {[%emt 0:00:00]} 5. cxd5 {[%emt 0:00:00]} Qxd5 {[%emt 0:00:02]} 6. Nf3 {[%emt 0:00:00]} Qd8 {[%emt 0:00:02]} 7. Nc3 {[%emt 0:00:00]} Nf6 {[%emt 0:00:01]} 8. d5 {[%emt 0:00:00]} Nb8 {[%emt 0:00:01]} 9. Qa4+ {[%emt 0:00:01]} Bd7 {[%emt 0:00:01]} 10. Qb3 {[%emt 0:00:00]} Qb6 {[%emt 0:00:02]} 11. Qxb6 {[%emt 0:00:02]} axb6 {[%emt 0:00:01]} 12. Be3 {[%emt 0:00:00]} e6 {[%emt 0:00:02]} 13. dxe6 {[%emt 0:00:03]} Bxe6 {[%emt 0:00:00]} 14. Bxb6 {[%emt 0:00:01]} Bb4 {[%emt 0:00:02]} 15. Bd4 {[%emt 0:00:03]} Nbd7 {[%emt 0:00:01]} 16. Bb5 {[%emt 0:00:03]} O-O {[%emt 0:00:01]} 17. O-O {[%emt 0:00:01]} Rfc8 {[%emt 0:00:03]} 18. a3 {[%emt 0:00:02]} Ba5 {[%emt 0:00:01]} 19. b4 {[%emt 0:00:03]} Bb6 {[%emt 0:00:01]} 20. Bxb6 {[%emt 0:00:04]} Nxb6 {[%emt 0:00:00]} 21. Rfc1 {[%emt 0:00:04]} Nc4 {[%emt 0:00:02]} 22. Bxc4 {[%emt 0:00:01]} Rxc4 {[%emt 0:00:01]} 23. Nb5 {[%emt 0:00:03]} Rac8 {[%emt 0:00:06]} 24. Rxc4 {[%emt 0:00:02]} Rxc4 {[%emt 0:00:00]} 25. Nbd4 {[%emt 0:00:04]} Ne4 {[%emt 0:00:06]} 26. Nxe6 {[%emt 0:00:02]} fxe6 {[%emt 0:00:00]} 27. g3 {[%emt 0:00:01]} Rc2 {[%emt 0:00:02]} 28. a4 {[%emt 0:00:02]} Nxf2 {[%emt 0:00:02]} 29. b5 {[%emt 0:00:01]} Nh3+ {[%emt 0:00:01]} 30. Kf1 {[%emt 0:00:01]} Rf2+ {[%emt 0:00:01]} 31. Ke1 {[%emt 0:00:01]} Rxf3 {[%emt 0:00:00]} 32. a5 {[%emt 0:00:00]} Re3+ {[%emt 0:00:04]} 33. Kd2 {[%emt 0:00:02]} Rb3 {[%emt 0:00:02]} 34. a6 {[%emt 0:00:00]} bxa6 {[%emt 0:00:01]} 35. bxa6 {[%emt 0:00:00]} Rb8 {[%emt 0:00:01]} 36. a7 {[%emt 0:00:00]} Ra8 {[%emt 0:00:00]} 37. Kd3 {[%emt 0:00:00]} Ng5 {[%emt 0:00:00]} 38. Kc4 {[%emt 0:00:00]} Nf7 {[%emt 0:00:00]} 39. Kc5 {[%emt 0:00:00]} Nd8 {[%emt 0:00:00]} 40. Kd6 {[%emt 0:00:00]} Kf7 {[%emt 0:00:01]} 41. Kd7 {[%emt 0:00:01]} Kf6 {[%emt 0:00:00]} 42. Kc7 {[%emt 0:00:01]} e5 {[%emt 0:00:00]} 43. Ra5 {[%emt 0:00:01]} e4 {[%emt 0:00:01]} 44. Ra3 {[%emt 0:00:02]} Kf5 {[%emt 0:00:01]} 45. Kd7 {[%emt 0:00:00]} Ke5 {[%emt 0:00:00]} 46. Kc7 {[%emt 0:00:01]} Ne6+ {[%emt 0:00:01]} 47. Kb7 {[%emt 0:00:01]} Re8 {[%emt 0:00:00]} 48. a8=Q {[%emt 0:00:01]} Re7+ {[%emt 0:00:00]} 49. Kc6 {[%emt 0:00:01]} Re8 {[%emt 0:00:00] .} 0-1

[Event "Stay Safe Play From Home 257"]
[Site "Emanuel Lasker Arena"]
[Date "2020.06.26"]
[Round "5"]
[White "Buzaglo"]
[Black "Chase the sun"]
[Result "0-1"]
[WhiteElo "1858"]
[BlackElo "1830"]
[Annotator "NA"]
[PlyCount "126"]
[EventDate "2020.06.26"]
[EventType "swiss (blitz)"]

1. d4 {[%emt 0:00:00]} e6 {[%emt 0:00:01]} 2. Nf3 {[%emt 0:00:00]} f5 {[%emt 0:00:01]} 3. g3 {[%emt 0:00:00]} Nf6 {[%emt 0:00:01]} 4. Bg2 {[%emt 0:00:00]} Be7 {[%emt 0:00:00]} 5. O-O {[%emt 0:00:00]} O-O {[%emt 0:00:01]} 6. c4 {[%emt 0:00:00]} d6 {[%emt 0:00:00]} 7. Nc3 {[%emt 0:00:00]} Qe8 {[%emt 0:00:00]} 8. Re1 {[%emt 0:00:00]} Nc6 {[%emt 0:00:00]} 9. e4 {[%emt 0:00:00]} fxe4 {[%emt 0:00:01]} 10. Nxe4 {[%emt 0:00:00]} Qg6 {[%emt 0:00:00]} 11. Nxf6+ {[%emt 0:00:01]} Bxf6 {[%emt 0:00:01]} 12. d5 {[%emt 0:00:00]} Nd8 {[%emt 0:00:02]} 13. dxe6 {[%emt 0:00:01]} Nxe6 {[%emt 0:00:00]} 14. Nh4 {[%emt 0:00:03]} Bxh4 {[%emt 0:00:02]} 15. gxh4 {[%emt 0:00:00]} Nf4 {[%emt 0:00:02]} 16. Bxf4 {[%emt 0:00:01]} Rxf4 {[%emt 0:00:01]} 17. Re3 {[%emt 0:00:03]} Rg4 {[%emt 0:00:04]} 18. Rg3 {[%emt 0:00:01]} Bd7 {[%emt 0:00:01]} 19. Qd5+ {[%emt 0:00:04]} Kh8 {[%emt 0:00:02]} 20. Qxb7 {[%emt 0:00:02]} Rf8 {[%emt 0:00:01]} 21. Qxc7 {[%emt 0:00:01]} Rxg3 {[%emt 0:00:01]} 22. hxg3 {[%emt 0:00:02]} Bg4 {[%emt 0:00:01]} 23. Qc6 {[%emt 0:00:04]} Qf6 {[%emt 0:00:03]} 24. f3 {[%emt 0:00:08]} Bxf3 {[%emt 0:00:06]} 25. Bxf3 {[%emt 0:00:08]} Qxf3 {[%emt 0:00:00]} 26. Qxf3 {[%emt 0:00:01]} Rxf3 {[%emt 0:00:00]} 27. Kg2 {[%emt 0:00:00]} Rd3 {[%emt 0:00:03]} 28. Rc1 {[%emt 0:00:01]} Rd2+ {[%emt 0:00:02]} 29. Kh3 {[%emt 0:00:00]} Rxb2 {[%emt 0:00:00]} 30. c5 {[%emt 0:00:01]} dxc5 {[%emt 0:00:01]} 31. Rxc5 {[%emt 0:00:00]} h6 {[%emt 0:00:00]} 32. Ra5 {[%emt 0:00:01]} Rb7 {[%emt 0:00:01]} 33. a4 {[%emt 0:00:01]} Kh7 {[%emt 0:00:00]} 34. Ra6 {[%emt 0:00:00]} g6 {[%emt 0:00:01]} 35. a5 {[%emt 0:00:01]} Kg7 {[%emt 0:00:00]} 36. Rc6 {[%emt 0:00:01]} Rf7 {[%emt 0:00:00]} 37. Rc5 {[%emt 0:00:01]} Kf6 {[%emt 0:00:03]} 38. Rc6+ {[%emt 0:00:01]} Kg7 {[%emt 0:00:01]} 39. Rc5 {[%emt 0:00:01]} Re7 {[%emt 0:00:00]} 40. Rb5 {[%emt 0:00:01]} Rd7 {[%emt 0:00:00]} 41. a6 {[%emt 0:00:00]} Rf7 {[%emt 0:00:03]} 42. Rb7 {[%emt 0:00:00]} h5 {[%emt 0:00:00]} 43. Rc7 {[%emt 0:00:02]} Rxc7 {[%emt 0:00:01]} 44. g4 {[%emt 0:00:00]} Rc6 {[%emt 0:00:00]} 45. gxh5 {[%emt 0:00:00]} Rxa6 {[%emt 0:00:01]} 46. Kg4 {[%emt 0:00:00]} gxh5+ {[%emt 0:00:01]} 47. Kg5 {[%emt 0:00:01]} Ra5+ {[%emt 0:00:00]} 48. Kf4 {[%emt 0:00:00]} Rb5 {[%emt 0:00:00]} 49. Kg3 {[%emt 0:00:00]} a6 {[%emt 0:00:00]} 50. Kf3 {[%emt 0:00:00]} Kf6 {[%emt 0:00:00]} 51. Ke3 {[%emt 0:00:00]} Kf5 {[%emt 0:00:00]} 52. Kd4 {[%emt 0:00:00]} a5 {[%emt 0:00:00]} 53. Kc4 {[%emt 0:00:00]} Re5 {[%emt 0:00:00]} 54. Kd4 {[%emt 0:00:01]} Re4+ {[%emt 0:00:00]} 55. Kd3 {[%emt 0:00:00]} Rxh4 {[%emt 0:00:00]} 56. Kd2 {[%emt 0:00:00]} Rg4 {[%emt 0:00:01]} 57. Kc3 {[%emt 0:00:00]} h4 {[%emt 0:00:00]} 58. Kb3 {[%emt 0:00:00]} h3 {[%emt 0:00:00]} 59. Kc2 {[%emt 0:00:00]} h2 {[%emt 0:00:00]} 60. Kd3 {[%emt 0:00:00]} h1=Q {[%emt 0:00:00]} 61. Ke2 {[%emt 0:00:00]} Qh3 {[%emt 0:00:00]} 62. Kf2 {[%emt 0:00:01]} Rg2+ {[%emt 0:00:00]} 63. Kf1 {[%emt 0:00:00]} Qh1# {[%emt 0:00:00] (Lag: Av=0.58s, max=1.3s)} 0-1

[Event "Stay Safe Play From Home 257"]
[Site "Emanuel Lasker Arena"]
[Date "2020.06.26"]
[Round "6"]
[White "AChessPlayer"]
[Black "Haxhi Baha"]
[Result "1-0"]
[WhiteElo "2412"]
[BlackElo "1954"]
[PlyCount "61"]
[EventDate "2020.06.26"]
[EventType "swiss (blitz)"]

1. e4 {[%emt 0:00:01]} e6 {[%emt 0:00:01]} 2. Nf3 {[%emt 0:00:02]} d5 {[%emt 0:00:00]} 3. d3 {[%emt 0:00:01]} c5 {[%emt 0:00:01]} 4. Nbd2 {[%emt 0:00:01]} dxe4 {[%emt 0:00:01]} 5. dxe4 {[%emt 0:00:02]} Nf6 {[%emt 0:00:00]} 6. g3 {[%emt 0:00:01]} Be7 {[%emt 0:00:01]} 7. Bg2 {[%emt 0:00:00]} Nc6 {[%emt 0:00:00]} 8. e5 {[%emt 0:00:01]} Nd7 {[%emt 0:00:01]} 9. Qe2 {[%emt 0:00:00]} Qc7 {[%emt 0:00:01]} 10. Nc4 {[%emt 0:00:00]} b5 {[%emt 0:00:01]} 11. Nd6+ {[%emt 0:00:01]} Bxd6 {[%emt 0:00:01]} 12. exd6 {[%emt 0:00:00]} Qxd6 {[%emt 0:00:00]} 13. O-O {[%emt 0:00:00]} O-O {[%emt 0:00:02]} 14. Rd1 {[%emt 0:00:01]} Qc7 {[%emt 0:00:02]} 15. Bf4 {[%emt 0:00:01]} e5 {[%emt 0:00:00]} 16. Nxe5 {[%emt 0:00:02]} Ndxe5 {[%emt 0:00:01]} 17. Bxe5 {[%emt 0:00:00]} Qb6 {[%emt 0:00:07]} 18. Rd6 {[%emt 0:00:02]} Bb7 {[%emt 0:00:02]} 19. Bxc6 {[%emt 0:00:01]} Bxc6 {[%emt 0:00:01]} 20. Qg4 {[%emt 0:00:00]} f6 {[%emt 0:00:04]} 21. Qe6+ {[%emt 0:00:01]} Kh8 {[%emt 0:00:01]} 22. Rxc6 {[%emt 0:00:00]} Qa5 {[%emt 0:00:06]} 23. Bd6 {[%emt 0:00:03]} Rfe8 {[%emt 0:00:01]} 24. Qd5 {[%emt 0:00:01]} Qb4 {[%emt 0:00:03]} 25. Rc7 {[%emt 0:00:02]} Rad8 {[%emt 0:00:03]} 26. Qf7 {[%emt 0:00:02]} Rg8 {[%emt 0:00:01]} 27. Bf4 {[%emt 0:00:01]} Qxb2 {[%emt 0:00:02]} 28. Rf1 {[%emt 0:00:01]} Qd4 {[%emt 0:00:02]} 29. Bh6 {[%emt 0:00:01]} Qe4 {[%emt 0:00:02]} 30. Bxg7+ {[%emt 0:00:01]} Rxg7 {[%emt 0:00:01]} 31. Qxg7# {[%emt 0:00:00] (Lag: Av=0.83s, max=1.5s)} 1-0

[Event "Stay Safe Play From Home 257"]
[Site "Emanuel Lasker Arena"]
[Date "2020.06.26"]
[Round "6"]
[White "little champs"]
[Black "SoulofWolf"]
[Result "1-0"]
[WhiteElo "2225"]
[BlackElo "2283"]
[PlyCount "125"]
[EventDate "2020.06.26"]
[EventType "swiss (blitz)"]

1. d4 {[%emt 0:00:03]} c5 {[%emt 0:00:00]} 2. e3 {[%emt 0:00:02]} e6 {[%emt 0:00:00]} 3. Nf3 {[%emt 0:00:01]} Nf6 {[%emt 0:00:00]} 4. Be2 {[%emt 0:00:00]} Be7 {[%emt 0:00:00]} 5. O-O {[%emt 0:00:00]} O-O {[%emt 0:00:00]} 6. c4 {[%emt 0:00:00]} d5 {[%emt 0:00:01]} 7. cxd5 {[%emt 0:00:01]} Nxd5 {[%emt 0:00:00]} 8. dxc5 {[%emt 0:00:00]} Bxc5 {[%emt 0:00:01]} 9. a3 {[%emt 0:00:00]} a5 {[%emt 0:00:01]} 10. Nc3 {[%emt 0:00:01]} Nxc3 {[%emt 0:00:01]} 11. bxc3 {[%emt 0:00:00]} Qf6 {[%emt 0:00:01]} 12. Qc2 {[%emt 0:00:01]} Bd7 {[%emt 0:00:01]} 13. Bb2 {[%emt 0:00:00]} Bc6 {[%emt 0:00:01]} 14. c4 {[%emt 0:00:01]} Qg6 {[%emt 0:00:01]} 15. g3 {[%emt 0:00:02]} Rd8 {[%emt 0:00:01]} 16. Qxg6 {[%emt 0:00:03]} hxg6 {[%emt 0:00:01]} 17. Rad1 {[%emt 0:00:00]} Na6 {[%emt 0:00:01]} 18. Nd4 {[%emt 0:00:01]} Ba4 {[%emt 0:00:02]} 19. Rc1 {[%emt 0:00:03]} Kf8 {[%emt 0:00:02]} 20. Bf3 {[%emt 0:00:00]} Rab8 {[%emt 0:00:01]} 21. Nb5 {[%emt 0:00:02]} Ke7 {[%emt 0:00:02]} 22. Be5 {[%emt 0:00:01]} Bxb5 {[%emt 0:00:07]} 23. cxb5 {[%emt 0:00:01]} Bxa3 {[%emt 0:00:09]} 24. bxa6 {[%emt 0:00:03]} Bxc1 {[%emt 0:00:01]} 25. Bxb8 {[%emt 0:00:01]} Rxb8 {[%emt 0:00:03]} 26. Rxc1 {[%emt 0:00:02]} bxa6 {[%emt 0:00:00]} 27. Ra1 {[%emt 0:00:00]} Rb5 {[%emt 0:00:01]} 28. Be2 {[%emt 0:00:01]} Rc5 {[%emt 0:00:01]} 29. Bxa6 {[%emt 0:00:01]} Kd6 {[%emt 0:00:00]} 30. Be2 {[%emt 0:00:01]} Kd5 {[%emt 0:00:01]} 31. Kg2 {[%emt 0:00:00]} f5 {[%emt 0:00:01]} 32. Ra4 {[%emt 0:00:01]} g5 {[%emt 0:00:01]} 33. h4 {[%emt 0:00:01]} gxh4 {[%emt 0:00:01]} 34. Rxh4 {[%emt 0:00:01]} g6 {[%emt 0:00:00]} 35. Ra4 {[%emt 0:00:01]} g5 {[%emt 0:00:01]} 36. Bf3+ {[%emt 0:00:00]} Kd6 {[%emt 0:00:01]} 37. g4 {[%emt 0:00:00]} Kc7 {[%emt 0:00:01]} 38. gxf5 {[%emt 0:00:01]} exf5 {[%emt 0:00:00]} 39. e4 {[%emt 0:00:00]} f4 {[%emt 0:00:01]} 40. Kh3 {[%emt 0:00:01]} Kb6 {[%emt 0:00:01]} 41. Kg4 {[%emt 0:00:00]} Kb5 {[%emt 0:00:00]} 42. Ra2 {[%emt 0:00:01]} Kb4 {[%emt 0:00:00]} 43. Rb2+ {[%emt 0:00:01]} Ka3 {[%emt 0:00:01]} 44. Rb8 {[%emt 0:00:01]} a4 {[%emt 0:00:01]} 45. Ra8 {[%emt 0:00:01]} Kb3 {[%emt 0:00:02]} 46. Rb8+ {[%emt 0:00:03]} Kc3 {[%emt 0:00:01]} 47. Kh5 {[%emt 0:00:00]} a3 {[%emt 0:00:01]} 48. Ra8 {[%emt 0:00:01]} Kb2 {[%emt 0:00:01]} 49. Kg6 {[%emt 0:00:01]} a2 {[%emt 0:00:01]} 50. Kf6 {[%emt 0:00:01]} a1=Q {[%emt 0:00:01]} 51. Rxa1 {[%emt 0:00:01]} Kxa1 {[%emt 0:00:00]} 52. e5 {[%emt 0:00:00]} Rc2 {[%emt 0:00:02]} 53. e6 {[%emt 0:00:01]} Rxf2 {[%emt 0:00:00]} 54. e7 {[%emt 0:00:00]} Rxf3 {[%emt 0:00:02]} 55. e8=Q {[%emt 0:00:01]} Re3 {[%emt 0:00:00]} 56. Qa4+ {[%emt 0:00:01]} Kb2 {[%emt 0:00:00]} 57. Qb4+ {[%emt 0:00:01]} Kc2 {[%emt 0:00:00]} 58. Qc4+ {[%emt 0:00:01]} Kd2 {[%emt 0:00:00]} 59. Qd4+ {[%emt 0:00:01]} Ke2 {[%emt 0:00:00]} 60. Qd5 {[%emt 0:00:01]} Kf2 {[%emt 0:00:01]} 61. Qh1 {[%emt 0:00:01]} g4 {[%emt 0:00:00]} 62. Qh2+ {[%emt 0:00:00]} Kf3 {[%emt 0:00:00]} 63. Qh1+ {[%emt 0:00:01] Czas partii (Lag: Av=0.47s, max=0.7s)} 1-0

[Event "Stay Safe Play From Home 257"]
[Site "Emanuel Lasker Arena"]
[Date "2020.06.26"]
[Round "6"]
[White "Lazieri3"]
[Black "Broken sword"]
[Result "1-0"]
[WhiteElo "2071"]
[BlackElo "2453"]
[Annotator "TA"]
[PlyCount "89"]
[EventDate "2020.06.26"]
[EventType "swiss (blitz)"]

{[%evp 9,88,-28,-31,-59,-60,-56,-63,-62,-68,-62,-65,-97,-36,-94,-88,-187,-193,-333,-126,-127,-72,-75,-49,-81,-31,-139,-66,-119,-60,-75,-65,-80,-3,-13,0,-27,-22,-33,-32,-50,-46,-51,12,12,356,8,61,7,8,10,41,0,12,0,10,10,11,10,12,12,19,10,11,0,0,0,0,0,12,12,29996,29997,29997,29997,29998,29999,29999,29999,29999,29999,29999]} 1. e4 c5 2. Nc3 e6 3. d3 a6 4. Nf3 d5 5. Bg5 {[#]} f6 $146 ({Predecessor:} 5... Be7 6. Bxe7 Nxe7 7. d4 cxd4 8. Qxd4 O-O 9. exd5 exd5 10. Bd3 Nbc6 11. Qh4 Bf5 12. O-O-O Bxd3 13. Rxd3 {0-1 (58) Sana,M (2132)-Sheng,J (2236) Orlando 2014}) 6. Bh4 {B40: Sicilian: 2...e6, Unusual lines.} d4 7. Ne2 Nc6 8. Nd2 {Black is slightly better.} e5 9. Bg3 Bd6 10. f4 Be6 (10... Nh6 $17 11. h3 Nf7) 11. fxe5 (11. f5 $15 Bf7 12. Bf2) 11... fxe5 $17 ({Reject} 11... Nxe5 $6 12. Nf4 $11) 12. Nf3 (12. Ng1 $17) 12... Nf6 $19 13. c4 (13. Ng5 {is a better defense.} Bd7 14. h3) 13... dxc3 $2 (13... Ng4 $19 {is more deadly. ...Ne3 is the strong threat.} 14. h3 Ne3) 14. Nxc3 $17 Qd7 (14... Nh5 $142 15. Bh4 Qb6) 15. Be2 O-O 16. O-O Rae8 17. h3 {[#]} (17. Ng5 $15) 17... Kh8 (17... Bxh3 $1 $17 {[%mdl 512]} 18. gxh3 Qxh3) 18. Rf2 (18. Bh2 $15) 18... Bg8 (18... Nh5 $17 19. Bh2 Nf4) 19. Qd2 Nd4 20. Raf1 Nxf3+ (20... b5 $17) 21. Bxf3 $11 b5 22. Bh4 Be7 23. Bxf6 Bxf6 24. Nd5 Bxd5 25. exd5 Qd6 (25... e4 $1 $15 26. dxe4 Bd4) 26. Be4 g6 $2 {[%mdl 8192] [#]} (26... Bh4 $11 {and Black stays safe.}) 27. Qe3 $2 (27. Bxg6 $1 $18 {[%mdl 512]} Bh4 {[#]} (27... hxg6 28. Qh6+) 28. Qh6 $1 {[%mdl 576] Double Attack} Bxf2+ 29. Rxf2) 27... Bg7 ({Black should play} 27... Be7 $11) 28. Qg3 ({Better is} 28. h4 $14) 28... Rxf2 29. Rxf2 Kg8 30. Qg5 (30. h4 {is more complex.} Rf8 31. h5 Rxf2 32. Kxf2 gxh5 33. Qh3) 30... Rf8 31. Rxf8+ Bxf8 32. h4 Be7 33. Qg4 Kg7 34. h5 Qf6 35. hxg6 hxg6 36. Qd7 c4 37. dxc4 bxc4 38. Qc7 Qd6 39. Qxd6 a5 $2 {[%mdl 8192]} (39... Bxd6 $11 40. Kf2 a5) 40. Qxe7+ {White mates.} Kh6 {[#]} 41. Qf6 $1 {[%csl Ge4][%cal Rf6g6]} Kh7 42. Qxg6+ Kh8 43. d6 {[%csl Ge4][%cal Rg6h7]} c3 44. d7 {[%cal Rd7d8]} c2 45. d8=Q# {Both players deserved the win here. Accuracy: White = 48%, Black = 46%.} 1-0

[Event "Stay Safe Play From Home 257"]
[Site "Emanuel Lasker Arena"]
[Date "2020.06.26"]
[Round "6"]
[White "Chase the sun"]
[Black "Bardellosport"]
[Result "0-1"]
[WhiteElo "1848"]
[BlackElo "2025"]
[Annotator "NA"]
[PlyCount "68"]
[EventDate "2020.06.26"]
[EventType "swiss (blitz)"]

1. e4 {[%emt 0:00:01]} c5 {[%emt 0:00:01]} 2. Nc3 {[%emt 0:00:01]} d6 {[%emt 0:00:00]} 3. f4 {[%emt 0:00:00]} g6 {[%emt 0:00:01]} 4. Nf3 {[%emt 0:00:00]} Bg7 {[%emt 0:00:00]} 5. Bc4 {[%emt 0:00:00]} Nc6 {[%emt 0:00:00]} 6. d3 {[%emt 0:00:00]} e6 {[%emt 0:00:00]} 7. O-O {[%emt 0:00:01]} Nge7 {[%emt 0:00:00]} 8. Bb3 {[%emt 0:00:00]} O-O {[%emt 0:00:00]} 9. Qe1 {[%emt 0:00:01]} d5 {[%emt 0:00:00]} 10. g4 {[%emt 0:00:02]} d4 {[%emt 0:00:01]} 11. Ne2 {[%emt 0:00:03]} f5 {[%emt 0:00:01]} 12. gxf5 {[%emt 0:00:01]} gxf5 {[%emt 0:00:01]} 13. Qh4 {[%emt 0:00:00]} Ng6 {[%emt 0:00:02]} 14. Qh5 {[%emt 0:00:00]} Qe8 {[%emt 0:00:02]} 15. Kh1 {[%emt 0:00:04]} Nxf4 {[%emt 0:00:01]} 16. Qxe8 {[%emt 0:00:02]} Rxe8 {[%emt 0:00:00]} 17. Bxf4 {[%emt 0:00:01]} fxe4 {[%emt 0:00:01]} 18. dxe4 {[%emt 0:00:02]} Kh8 {[%emt 0:00:01]} 19. Ba4 {[%emt 0:00:02]} Bd7 {[%emt 0:00:02]} 20. Rg1 {[%emt 0:00:03]} e5 {[%emt 0:00:01]} 21. Rxg7 {[%emt 0:00:04]} Kxg7 {[%emt 0:00:01]} 22. Bxc6 {[%emt 0:00:01]} Bxc6 {[%emt 0:00:01]} 23. Bxe5+ {[%emt 0:00:00]} Kf7 {[%emt 0:00:01]} 24. Ng5+ {[%emt 0:00:04]} Ke7 {[%emt 0:00:01]} 25. Rf1 {[%emt 0:00:03]} Kd7 {[%emt 0:00:01]} 26. Rf7+ {[%emt 0:00:03]} Kc8 {[%emt 0:00:01]} 27. Bd6 {[%emt 0:00:02]} Bxe4+ {[%emt 0:00:02]} 28. Nxe4 {[%emt 0:00:02]} Rxe4 {[%emt 0:00:00]} 29. Ng3 {[%emt 0:00:00]} Re8 {[%emt 0:00:03]} 30. Rxh7 {[%emt 0:00:01]} b6 {[%emt 0:00:01]} 31. Rc7+ {[%emt 0:00:01]} Kd8 {[%emt 0:00:01]} 32. Ne4 {[%emt 0:00:01]} Rc8 {[%emt 0:00:01]} 33. Rxa7 {[%emt 0:00:02]} Rxe4 {[%emt 0:00:01]} 34. Kg2 {[%emt 0:00:02]} Re2+ {[%emt 0:00:01] Chase the sun gibt auf (Lag: Av=0.32s, max=0.9s)} 0-1